ARRUPE JESUIT UNIVERSITY

CORONAVIRUS -STOP THE SPREAD - CLEAN,DISINFECT,COVER

Debt-related vulnerabilities and financial crises : (Record no. 127894)

MARC details
000 -LEADER
fixed length control field 01815cam a2200385 a 4500
001 - CONTROL NUMBER
control field 14270194
003 - CONTROL NUMBER IDENTIFIER
control field ARRUPE
005 - DATE AND TIME OF LATEST TRANSACTION
control field 20180411103004.0
008 - FIXED-LENGTH DATA ELEMENTS--GENERAL INFORMATION
fixed length control field 060217s2005 dcua c b 000 0 eng d
010 ## - LIBRARY OF CONGRESS CONTROL NUMBER
LC control number 2006272763
020 ## - INTERNATIONAL STANDARD BOOK NUMBER
International Standard Book Number 1589064259
035 ## - SYSTEM CONTROL NUMBER
System control number (OCoLC)ocm62269817
040 ## - CATALOGING SOURCE
Original cataloging agency DBI
Transcribing agency DBI
Modifying agency UNA
-- VP@
-- MUQ
-- DLC
042 ## - AUTHENTICATION CODE
Authentication code lccopycat
043 ## - GEOGRAPHIC AREA CODE
Geographic area code d------
050 00 - LIBRARY OF CONGRESS CALL NUMBER
Classification number HF5681.B2
Item number D32 2005
082 00 - DEWEY DECIMAL CLASSIFICATION NUMBER
Classification number 657/.3091724
Edition number 22
300 ## - PHYSICAL DESCRIPTION
Other physical details col. ill. ;
Dimensions 28 cm.
100 ## - MAIN ENTRY--PERSONAL NAME
Personal name Rosenberg, Christoph
9 (RLIN) 41401
245 00 - TITLE STATEMENT
Title Debt-related vulnerabilities and financial crises :
Remainder of title an application of the balance sheet approach to emerging market countries /
Statement of responsibility, etc Christoph Rosenberg ... [et al.].
260 ## - PUBLICATION, DISTRIBUTION, ETC. (IMPRINT)
Place of publication, distribution, etc Washington, DC :
Name of publisher, distributor, etc International Monetary Fund,
Date of publication, distribution, etc 2005.
300 ## - PHYSICAL DESCRIPTION
Extent vii, 49 p. :
490 1# - SERIES STATEMENT
Series statement Occasional paper / International Monetary Fund,
International Standard Serial Number 0251-6365 ;
Volume number/sequential designation no. 240.
504 ## - BIBLIOGRAPHY, ETC. NOTE
Bibliography, etc Includes bibliographical references (p. 45-47)
650 #0 - SUBJECT ADDED ENTRY--TOPICAL TERM
Topical term or geographic name as entry element Financial statements
Geographic subdivision Developing countries.
9 (RLIN) 41402
650 #0 - SUBJECT ADDED ENTRY--TOPICAL TERM
Topical term or geographic name as entry element Financial statements
Geographic subdivision Developing countries.
General subdivision Statistics
9 (RLIN) 41403
650 #0 - SUBJECT ADDED ENTRY--TOPICAL TERM
Topical term or geographic name as entry element Financial crises
Geographic subdivision Developing countries.
9 (RLIN) 41260
700 1# - ADDED ENTRY--PERSONAL NAME
Personal name Rosenberg, Christoph B.
9 (RLIN) 41404
710 2# - ADDED ENTRY--CORPORATE NAME
Corporate name or jurisdiction name as entry element International Monetary Fund.
9 (RLIN) 26656
830 #0 - SERIES ADDED ENTRY--UNIFORM TITLE
Uniform title Occasional paper (International Monetary Fund) ;
Volume number/sequential designation no. 240.
9 (RLIN) 41405
856 41 - ELECTRONIC LOCATION AND ACCESS
Materials specified Table of contents
Uniform Resource Identifier <a href="http://www.loc.gov/catdir/toc/fy0606/2006272763.html">http://www.loc.gov/catdir/toc/fy0606/2006272763.html</a>
906 ## - LOCAL DATA ELEMENT F, LDF (RLIN)
a 7
b cbc
c copycat
d 2
e ncip
f 20
g y-gencatlg
942 ## - ADDED ENTRY ELEMENTS (KOHA)
Source of classification or shelving scheme Library of Congress Classification
Koha item type Monograph ( Printed materials)
Holdings
Withdrawn status Lost status Source of classification or shelving scheme Damaged status Not for loan Collection code Home library Current library Shelving location Date acquired Total Checkouts Full call number Barcode Date last seen Price effective from Koha item type
    Library of Congress Classification     Main Collection ARRUPE LIBRARY ARRUPE LIBRARY Main Collection 11/04/2018   HF5681.B2 D32 2005 46600001746 11/04/2018 11/04/2018 Monograph ( Printed materials)

 

Arrupe Library. PO Box MP320 Mt Pleasant, Harare, Zimbabwe
263 242 745411|librarian@aju.ac.zw